000 00890cam a22002534a 4500
001 12318678
005 20180301081757.0
008 010222s2002 maua b 001 0 eng
010 _a 2001030368
020 _a007232919X (acidfree paper)
020 _a0071122435 (International edition : acidfree paper)
040 _aDLC
_cDLC
_dDLC
041 _aeng
042 _apcc
080 _a612.76 HAM
082 0 0 _a612.76 HAM
_221
100 1 _a8
101 _aEKZ
245 1 0 _aKinesiology :
_cNancy Hamilton, Kathryn Luttgens.
504 _aIncludes bibliographical references and index.
906 _a7
_bcbc
_corignew
_d1
_eocip
_f20
_gy-gencatlg
942 _2ddc
_cBK
999 _c43849
_d43849